00866nam a2200217 a 450000100100000000500170001000800410002704000250006808200200009310000360011324500580014926000340020730000300024159000260027165000280029765000310032591000370035695201170039395201230051099900150063300000892620240412074208.0090921s2000 dr c r 000 p spa d aDO-SdBNPbspacBNPHU aRD861.44bF316e1 aFéliz DʻOleo, Aquiles92349710aEscaramuzas de mis amores /cAquiles Féliz DʻOleo. a[s. l.] :b[s. n.],c[2000?]. a95 p. :bretrs. ;c21 cm. aInventariado, 2018/BT 0aPoesía dominicana966 0aLiteratura dominicana.967 aValidado. Control de calidad MFF 0010718PDaPDbPDcHDd2009-09-21iLF1l0oRD861.44 F316ep8926-10r2020-06-25w2020-06-25yLFPDZNo se presta 0010718PDaPDbPDcHDd2011-04-19iLF1l0oRD861.44 F316ep8926-20r2020-06-25te. 2w2020-06-25yLFPDZNo se presta c8692d8692